000
00267nam a2200097Ia 4500
005
20250424112833.0
008
250424s9999 xx 000 0 und d
300
_a
64 p. : ill. ; 27 cm.
650
_a
Finance--Periodicals Finance--Great Britain--periodicals
942
_c
SR
999
_c
37416
_d
37416